000 006150000a22001810004500
003 MACL
005 20181006114849.0
008 160202b xxu||||| |||| 00| 0 eng d
040 _aMACL
_cMACL
041 _aHindi
082 _a900
100 _aग्रोवर, बी एल
_936461
245 _aआधुनिक भारत का इतिहास एक नवीन पूल्‍यांकन
260 _bएस चन्‍द एण्‍ड कम्‍पनी
_c2011
_aनई दिल्‍ली
350 _a275
650 _aइतिहास
_936462
942 _cHIN
_k900
_2ddc
999 _c45566
_d45566